TV Characters by Show Blitz II Quiz Stats

 Plays Quiz Updated Nov 30, 2020

Support Sporcle.
Go Orange.
Score 0/10 Timer 00:45
0 Plays Today
% Correct
Arthur Shelby
Peaky Blinders
77.8%
D'Artagnan
The Musketeers
76.7%
Sydney Bristow
Alias
76%
Dale Cooper
Twin Peaks
74.8%
Nick Miller
New Girl
73.3%
Sara Sidle
CSI: Crime Scene Investigation
66%
Effy Stonem
Skins
59.7%
Sam Merlotte
True Blood
53.5%
Alison Hendrix
Orphan Black
50.9%
Carla Rinaldi
Death Valley
46.4%

You're not logged in!

Compare scores with friends on all Sporcle quizzes.
OR
Log In

From the Vault

Name the Last Four III

by nspyred

A third helping of the Last Four.
Remove Ads.
Support Sporcle.
Get the best of Sporcle when you Go Orange. This ad-free experience offers more features, more stats, and more fun while also helping to support Sporcle. Thank you for becoming a member.

Show Comments

Extras

Top Quizzes Today


Score Distribution

Your Account Isn't Verified!

In order to create a playlist on Sporcle, you need to verify the email address you used during registration. Go to your Sporcle Settings to finish the process.

Report this User

Report this user for behavior that violates our Community Guidelines.

Details: